| Tag |
First Indicator |
Second Indicator |
Subfields |
| LEADER |
00000cam a2200000 a 4500 |
| 001 |
in00002811337 |
| 005 |
20151203092758.0 |
| 008 |
120319s2013 nyua b 001 0 eng |
| 010 |
|
|
|a 2012008795
|
| 020 |
|
|
|a 9780199916405
|
| 020 |
|
|
|a 0199916403
|
| 035 |
|
|
|a (OCoLC)ocn783861866
|
| 040 |
|
|
|a DLC
|c DLC
|d UtOrBLW
|
| 043 |
|
|
|a e-gr---
|a aw-----
|a e------
|a ff-----
|
| 049 |
|
|
|a TXAM
|
| 050 |
0 |
0 |
|a BL795.S25
|b N35 2013
|
| 082 |
0 |
0 |
|a 292.3/4
|2 23
|
| 100 |
1 |
|
|a Naiden, F. S.
|
| 245 |
1 |
0 |
|a Smoke signals for the gods :
|b ancient Greek sacrifice from the Archaic through Roman periods /
|c F.S. Naiden.
|
| 264 |
|
1 |
|a New York :
|b Oxford University Press,
|c [2013]
|
| 264 |
|
4 |
|c ©2013
|
| 300 |
|
|
|a xiii, 421 pages :
|b illustrations ;
|c 25 cm.
|
| 336 |
|
|
|a text
|b txt
|2 rdacontent
|
| 337 |
|
|
|a unmediated
|b n
|2 rdamedia
|
| 338 |
|
|
|a volume
|b nc
|2 rdacarrier
|
| 504 |
|
|
|a Includes bibliographical references (pages [347]-373) and indexes.
|
| 505 |
0 |
|
|a The invention of a ritual -- Venues and offerings -- Prayers and answers -- A god says no -- Rules, rewards, and experts -- Markets and messes -- A detective story -- The demise of a ritual.
|
| 650 |
|
0 |
|a Animal sacrifice
|z Greece.
|
| 651 |
|
0 |
|a Greece
|x Religion.
|
| 650 |
|
0 |
|a Animal sacrifice
|z Rome.
|
| 651 |
|
0 |
|a Rome
|x Religion.
|
| 945 |
|
|
|a PromptCat
|
| 946 |
|
|
|a stk
|
| 947 |
|
|
|a A14835914778
|
| 948 |
|
|
|a cataloged
|b h
|c 2013/3/26
|d c
|e dmitchel
|f 9:00:00 am
|
| 994 |
|
|
|a 92
|b TXA
|
| 999 |
|
|
|a MARS
|
| 999 |
f |
f |
|s eb347adc-174c-34ef-98b3-6861de0e3867
|i e6fe2585-df73-36e7-88e7-5cd9017fa43a
|t 0
|
| 952 |
f |
f |
|p normal
|a Texas A&M University
|b College Station
|c Sterling C. Evans Library
|d Evans: Library Stacks
|t 0
|e BL795.S25 N35 2013
|h Library of Congress classification
|i unmediated -- volume
|m A14835914778
|
| 998 |
f |
f |
|a BL795.S25 N35 2013
|t 0
|l Evans: Library Stacks
|